00349nam a2200109Ia 4500008004100000100002000041245003200061500007600093650004600169942000700215999001700222181011s9999 xx 000 0 und d aD.M.Ravi Prasad 0aKey to National Integration aThe Bulletin of Christian Institutes of Islamic Studies July - Dec 1986 a"Fundamentalism, Communalism, Secularism" cBR c21772d21772